02066nam a22002537a 450000500170000000800410001702000180005804000070007604100080008308200190009110000260011024500500013626000610018630000250024736501000027252011110037265000330148365000500151665000290156665000240159594200120161999900190163195201620165020260331102844.0260331b |||||||| |||| 00| 0 eng d a9789354661006 cAL aeng a621.3822bKAND aNagoor Kani A9259768 aDigital signal processing for Anna University aNew DelhibCBS Publishers and Distributors Pvt Ltdc2022 axx,764pbPBc24x17cm 2Electronics and Communication EngineeringaVBI-2645b₹581.25c₹d₹775.00e25%f20-02-2026 aThis book is organized into 5 chapters. The basic concepts of discrete time signals and systems are presented in first chapter and second chapter is devoted to analysis of discrete time systems using Z-transform and Fourier transform. One chapter is devoted to each topic in digital signal processing like discrete Fourier transform (DFT), digital filters and digital signal processors. Considering the highly mathematical nature of this subject, more emphasis has been given to problem-solving methodology. Each chapter provides the foundations and practical implications with a large number of solved numerical examples for better understanding. Salient Features Clear explanation of concepts with appropriate diagrams. Additional explanations for solutions and proofs are provided in separate boxes. Different types of fonts for text, proof and solved problems for better understanding. Step-by-step presentation of proofs and solved problems. Important concepts are summarized at the end of each chapter for quick reference. MATLAB programs related to this book are available free on CBSiCentral App.  aDiscrete Time System9259769 aFourier Transform DFT and Computation9259770 aDisgital Filters9259771 aEEE E&I ICE9259772 2ddccBK c241085d241085 00102ddc40708ECE aSEbSEd2026-03-23eVidyathri Books, Bengaluru-560076g581.25l0o621.3822 KANDpSE000361r2026-03-31 10:30:46v775.00w2026-02-20yBK